00456nam a22001457a 4500003000400000082001900004100001100023245006100034260002600095300000700121650004100128942001200169952011200181999001700293SGT a617.6342bG25J aJhalak aGP removal tchniques in retreatment cases in Endodontics bSGT University c2025 a79 aConservative Dentistry & Endodontics 2ddccTH 00102ddc405171aFDbFDd2025-06-18iSGTUl0o617.6342 G25JpDT2238r2025-06-18 00:00:00w2025-06-18yTH c31492d31492